| 000 | 01096nam a2200241Ia 4500 | ||
|---|---|---|---|
| 003 | GCL | ||
| 005 | 20240530101853.0 | ||
| 008 | 140319s9999 xx 000 0 ara d | ||
| 020 | _a56251977 | ||
| 040 |
_aGCL / _cGCL |
||
| 082 | 0 | 4 |
_a962 _bق/ع د |
| 100 | 1 | _aعبدالفتاح مقلد الغنيمى | |
| 245 | 1 | 0 |
_aدور مصر الحضارى فى القارة الافريقية قبل الاستعمار الآوروبى / _cعبدالفتاح مقلد الغنيمى |
| 260 |
_aالقاهرة : _bدار الموقف العربى للصحافة والنشر والتوزيع ، _c1992 |
||
| 300 |
_a246 ص ؛ _c22 سم |
||
| 650 | 0 | 4 | _aمصر - الاحوال السياسية - افريقيا |
| 650 | 0 | 4 | _aمصر - الاحوال السياسية - المغرب |
| 650 | 0 | 4 | _aمصر - الاحوال الاقتصادية - افريقيا |
| 650 | 0 | 4 | _aمصر - الاحوال الثقافية - افريقيا |
| 650 | 0 | 4 | _aمصر - الاحوال الثقافية - المغرب |
| 650 | 0 | 4 | _aمصر - الاحوال الاقتصادية - المغرب |
| 942 |
_2ddc _cBK |
||
| 999 |
_c28333 _d28333 |
||